Preliminary investigations on the allelopathic tendency of Mikania micrantha, a common weed in young rubber (Hevea brasiliensis) plantations (Record no. 65488)

MARC details
000 -LEADER
fixed length control field 00512nam a2200169Ia 4500
100 ## - MAIN ENTRY--AUTHOR NAME
Personal name Abraham M
245 #0 - TITLE STATEMENT
Title Preliminary investigations on the allelopathic tendency of Mikania micrantha, a common weed in young rubber (Hevea brasiliensis) plantations
260 ## - PUBLICATION, DISTRIBUTION, ETC. (IMPRINT)
Name of publisher Natural Rubber Research
Year of publication 2006
300 ## - PHYSICAL DESCRIPTION
Number of Pages 81-83
650 ## - SUBJECT ADDED ENTRY--TOPICAL TERM
Topical Term Allelopathy
650 ## - SUBJECT ADDED ENTRY--TOPICAL TERM
Topical Term Cowpea
650 ## - SUBJECT ADDED ENTRY--TOPICAL TERM
Topical Term Mikania micrantha
650 ## - SUBJECT ADDED ENTRY--TOPICAL TERM
Topical Term Rice
700 ## - ADDED ENTRY--PERSONAL NAME
Personal name Abraham C T
942 ## - ADDED ENTRY ELEMENTS (KOHA)
Koha item type Journals
Holdings
Withdrawn status Lost status Damaged status Not for loan Home library Current library Shelving location Date acquired Serial Enumeration / chronology Koha item type
      Journals RRII Library RRII Library Agronomy 26/11/2007 Volume 19, Issue 1&2 Journals